[Event "Winnipeg TNT April op"]
[Site "Winnipeg"]
[Date "2018.04.10"]
[Round "2"]
[White "Gergoryanz, Philipp"]
[Black "Remillard, John"]
[Result "1-0"]
[WhiteElo "1352"]
[BlackElo "1631"]
[PlyCount "107"]
[EventDate "2018.04.03"]
[EventType "swiss"]
[EventRounds "4"]
[EventCountry "CAN"]
[SourceTitle "EXT 2022"]
[Source "ChessBase"]
[SourceDate "2021.10.06"]
[SourceVersion "1"]
[SourceVersionDate "2021.10.06"]
[SourceQuality "1"]

1. e4 c5 2. Nf3 Nc6 3. Bc4 a6 4. d4 e6 5. d5 Na5 6. dxe6 fxe6 7. Be2 Nf6 8. e5 Nd5 9. Ng5 Ne7 10. Bh5+ g6 11. Qf3 Nf5 12. g4 Bh6 13. gxf5 exf5 14. Qxf5 Bxg5 15. Bxg5 Qb6 16. Bf6 d5 17. Bxg6+ hxg6 18. Qxg6+ Kd7 19. Qg7+ Kc6 20. Qxh8 Qxb2 21. Qe8+ Kb6 22. Bd8+ Ka7 23. 0-0 Qxa1 24. Qg6 Nc6 25. Bf6 Be6 26. Nd2 Qxa2 27. Bg7 d4 28. f4 Rg8 29. f5 Bf7 30. Qf6 Qd5 31. e6 Be8 32. e7 Ne5 33. Qh6 Ng4 34. Qg5 Ne3 35. Rf2 Bd7 36. Qg6 Nxf5 37. Rxf5 Qxf5 38. Qxf5 Bxf5 39. Kf2 Bxc2 40. Bf8 Bg6 41. Ne4 Kb6 42. Nxc5 Be8 43. Ne6 Rg6 44. Nxd4 Kc5 45. Nf3 b5 46. h4 Kd6 47. h5 Rg8 48. h6 Ke6 49. Ke3 Kf6 50. Kd4 Rg4+ 51. Kc5 Rc4+ 52. Kb6 Rc6+ 53. Ka5 Bg6 54. h7 1-0